[Event "Tournoi Skype 028B"]
[Site "Skype"]
[Date "????.??.??"]
[Round "8.34"]
[White "Guillaume, Mickael"]
[Black "Busto, Ricardo"]
[Result "1-0"]
[WhiteElo "1106"]
[BlackElo "1210"]
[PlyCount "77"]

1. e4 c5 2. Nf3 d6 3. Bb5+ Bd7 4. Nc3 Nf6 5. e5 dxe5 6. Nxe5 Bxb5 7. Nxb5 Nc6
8. Nxc6 bxc6 9. Nc3 e6 10. O-O Be7 11. d3 h6 12. Be3 Nd5 13. Qd2 Nxe3 14. fxe3
O-O 15. Ne4 Rb8 16. c4 f5 17. Ng3 Bf6 18. Rab1 Bh4 19. Nh5 Qg5 20. Nf4 Qe7 21.
Ng6 Qf6 22. Nxf8 Rxf8 23. b3 Bg5 24. g3 Qe5 25. Rbe1 Rd8 26. a3 Qc7 27. b4 Be7
28. bxc5 Bxc5 29. Qc3 Qe7 30. a4 Bb4 31. Qc2 Bxe1 32. Rxe1 Qb4 33. Rb1 Qd6 34.
Rb3 Qe5 35. d4 Qe4 36. Qc3 Qf3 37. Qe1 Qe4 38. Qa5 Qc2 39. Qxd8+ 1-0

[Event "Tournoi Skype 028B"]
[Site "Skype"]
[Date "????.??.??"]
[Round "8.35"]
[White "Jimenez Del Rosario, Alsis Raynely"]
[Black "Tembhurnekar, Ritu"]
[Result "0-1"]
[WhiteElo "1000"]
[BlackElo "1198"]
[PlyCount "58"]

1. e4 e5 2. d4 exd4 3. e5 Nc6 4. Nf3 Qe7 5. Bf4 Qb4+ 6. Nbd2 Qxb2 7. Bc4 Be7 8.
O-O d6 9. exd6 Bxd6 10. Re1+ Nge7 11. Bxd6 cxd6 12. Nb3 O-O 13. Rxe7 Nxe7 14.
Nfxd4 Qc3 15. Qe2 Ng6 16. Nb5 Qf6 17. Qd3 Bg4 18. Nxd6 Be6 19. Bxe6 fxe6 20.
Nxb7 Qxf2+ 21. Kh1 Rf6 22. Nd6 Raf8 23. Nd2 Qxd2 24. h3 Qxd3 25. cxd3 Nf4 26.
Rd1 Ne2 27. Kh2 Rg6 28. Nb5 a5 29. a4 Rf2 0-1

[Event "Tournoi Skype 028B"]
[Site "Skype"]
[Date "????.??.??"]
[Round "8.37"]
[White "Huerta, Jesus"]
[Black "Reese, Evan"]
[Result "1-0"]
[WhiteElo "1000"]
[BlackElo "1178"]
[PlyCount "55"]

1. d4 d5 2. c4 dxc4 3. Nc3 Nf6 4. e3 Bf5 5. Bxc4 e6 6. b3 Bd6 7. Nf3 Nc6 8. O-O
O-O 9. h3 Ne7 10. Nh4 c6 11. Nxf5 Nxf5 12. e4 Bc7 13. exf5 Qd6 14. g3 exf5 15.
Be3 Rfe8 16. Qf3 g6 17. Rad1 Nh5 18. Ne4 Rxe4 19. Kg2 Qf6 20. Rfe1 f4 21. Qxe4
fxg3 22. f3 c5 23. Qxb7 Qd8 24. dxc5 Qb8 25. c6 Bf4 26. Bxa7 Qxa7 27. Re8+ Rxe8
28. Qxa7 1-0

[Event "Tournoi Skype 028B"]
[Site "Skype"]
[Date "????.??.??"]
[Round "8.38"]
[White "Escudero Ocana, Francisco"]
[Black "Llabres, Sergio"]
[Result "0-1"]
[WhiteElo "1398"]
[BlackElo "1000"]
[PlyCount "50"]

1. e4 c6 2. f4 d5 3. Nf3 dxe4 4. Ng5 Bf5 5. g4 Bc8 6. Nxe4 Nd7 7. Bb5 cxb5 8.
O-O Ndf6 9. Qe2 Bxg4 10. Nxf6+ Nxf6 11. Qxb5+ Qd7 12. Qc4 Rc8 13. Qb3 b6 14. d3
e6 15. Be3 Bc5 16. d4 Bxd4 17. Bxd4 Qxd4+ 18. Kh1 Qe4+ 19. Kg1 O-O 20. Nd2 Qg6
21. Qg3 Rxc2 22. Nf3 Ne4 23. Ne5 Qh5 24. Qg2 Rxg2+ 25. Kxg2 Bh3+ 0-1

[Event "Tournoi Skype 028B"]
[Site "Skype"]
[Date "????.??.??"]
[Round "8.39"]
[White "Duthoit, Bernard"]
[Black "Latterra, Jeremias"]
[Result "1/2-1/2"]
[WhiteElo "1379"]
[BlackElo "1065"]
[PlyCount "64"]

1. e4 e5 2. Nf3 Nf6 3. Nc3 Nc6 4. Bb5 Bc5 5. Bxc6 Ng4 6. O-O Bxf2+ 7. Rxf2 Nxf2
8. Kxf2 dxc6 9. d3 Qf6 10. Bg5 Qg6 11. Bh4 O-O 12. Nxe5 Qd6 13. Bg3 f5 14. Nf3
f4 15. Bh4 Bg4 16. Qd2 Bxf3 17. gxf3 Qh6 18. Be7 Qxh2+ 19. Ke1 Qh1+ 20. Ke2
Qxa1 21. Bxf8 Kxf8 22. Qxf4+ Kg8 23. Qxc7 Qxb2 24. Kd2 h5 25. f4 h4 26. f5 h3
27. f6 gxf6 28. Qg3+ Kh8 29. Qxh3+ Kg7 30. Qg4+ Kf7 31. Qh5+ Kg7 32. Qg4+ Kf7
1/2-1/2

[Event "Tournoi Skype 028B"]
[Site "Skype"]
[Date "????.??.??"]
[Round "8.40"]
[White "Barrionuevo, Hilario"]
[Black "Baker, Abi"]
[Result "1-0"]
[WhiteElo "1058"]
[BlackElo "1188"]
[PlyCount "73"]

1. d4 d5 2. Bf4 Bf5 3. Nc3 Nf6 4. Nb5 e5 5. dxe5 Ng4 6. h3 Nxf2 7. Kxf2 Qh4+ 8.
Bg3 Bc5+ 9. e3 Bxe3+ 10. Kxe3 Qxg3+ 11. Nf3 Be4 12. Be2 O-O 13. Nxc7 d4+ 14.
Qxd4 Nc6 15. Qc3 Rac8 16. Kxe4 Rxc7 17. Rad1 Re7 18. Rhf1 Rfe8 19. Rd5 Qxg2 20.
Rg1 Qxe2+ 21. Qe3 Qxc2+ 22. Kf4 Qc4+ 23. Nd4 Nxe5 24. Qe4 Nd3+ 25. Qxd3 Qxd3
26. Nf5 Qc4+ 27. Rd4 Qc7+ 28. Rd6 Re4+ 29. Kf3 Qc2 30. Rxg7+ Kf8 31. Rd7 Re3+
32. Kf4 R3e4+ 33. Kg5 Qc1+ 34. Kf6 Qxb2+ 35. Kg5 Qg2+ 36. Kf6 Qxh3 37. Rdxf7#
1-0

[Event "Tournoi Skype 028B"]
[Site "Skype"]
[Date "????.??.??"]
[Round "8.41"]
[White "Florez Beltran, Leidy Lucila"]
[Black "Nakamura, Seiichi"]
[Result "1-0"]
[WhiteElo "1176"]
[BlackElo "1000"]
[PlyCount "34"]

1. e4 c6 2. d4 d5 3. Nc3 dxe4 4. Nxe4 Bf5 5. Ng3 Bg6 6. Nh3 h6 7. Bc4 Nf6 8.
O-O e6 9. Nf4 Bh7 10. Ngh5 Nxh5 11. Qxh5 g6 12. Qf3 Qxd4 13. Bxe6 g5 14. Bxf7+
Kxf7 15. Ne2+ Qf6 16. Qb3+ Qe6 17. Qxb7+ Qd7 1-0

[Event "Tournoi Skype 028B"]
[Site "Skype"]
[Date "????.??.??"]
[Round "8.42"]
[White "Hernandez, Enrique"]
[Black "Yanez, Leticia Jorgelina"]
[Result "1-0"]
[WhiteElo "1009"]
[BlackElo "1147"]
[PlyCount "77"]

1. e4 e5 2. f4 exf4 3. d4 d6 4. Bxf4 Be7 5. Nc3 Nf6 6. Qd2 h6 7. O-O-O Nc6 8.
Bb5 a6 9. Bxc6+ bxc6 10. Kb1 Bb7 11. Qe3 Ng4 12. Qf3 Nf6 13. Nh3 d5 14. e5 Bb4
15. Ne2 c5 16. Qb3 Ne4 17. Rhf1 Rb8 18. Be3 Ba8 19. Qa4+ c6 20. Nf2 Bc3 21. b3
Qb6 22. Nxe4 dxe4 23. Qc4 O-O 24. dxc5 Qb4 25. Qxb4 Bxb4 26. Ng3 a5 27. Nxe4 a4
28. Rd4 axb3 29. cxb3 Ba5 30. Rd7 Rb7 31. Rd6 Rb4 32. Ng3 Bb7 33. e6 Rg4 34.
Rd7 f6 35. Rxb7 Bc3 36. e7 Bd4 37. Bxd4 Rxd4 38. Re1 Re8 39. Nf5 1-0

[Event "Tournoi Skype 028B"]
[Site "Skype"]
[Date "????.??.??"]
[Round "8.43"]
[White "Mendoza Lainez, Ricardo Jose"]
[Black "Chamorro Cajina, Ivan Antonio"]
[Result "0-1"]
[WhiteElo "1137"]
[BlackElo "1000"]
[PlyCount "92"]

1. f4 d5 2. h3 Qd6 3. e3 Nc6 4. Nf3 e5 5. Nc3 d4 6. Nb5 Qe7 7. Bc4 Bf5 8. d3
O-O-O 9. Bd2 dxe3 10. Bxe3 e4 11. Ne5 Nxe5 12. Nxa7+ Kb8 13. O-O exd3 14. cxd3
Nxd3 15. Nc6+ bxc6 16. Qb3+ Kc8 17. Qa4 Qxe3+ 18. Kh2 Nxf4 19. Ba6+ Kd7 20.
Rad1+ Bd6 21. Rxf4 g5 22. Qc4 Be6 23. Qd4 gxf4 24. Qxh8 f5 25. Qg7+ Ke8 26. Bf1
f3+ 27. Kh1 f4 28. Rd3 fxg2+ 29. Qxg2 Qb6 30. Qf3 Bd5 31. Rxd5 cxd5 32. Qh5+
Kd7 33. Qxh7+ Kc8 34. Qf5+ Kb8 35. Qxd5 Qxb2 36. Ba6 f3 37. Qb5+ Qxb5 38. Bxb5
f2 39. Kg2 Rf8 40. a4 Ka7 41. a5 Nf6 42. Kxf2 Nd5+ 43. Ke2 Nc3+ 44. Kd3 Nxb5
45. Kc4 Ka6 46. h4 Rh8 0-1

[Event "Tournoi Skype 028B"]
[Site "Skype"]
[Date "????.??.??"]
[Round "8.45"]
[White "Torres, Vicky"]
[Black "Conde, Abigail"]
[Result "0-1"]
[WhiteElo "1055"]
[BlackElo "1117"]
[PlyCount "112"]

1. e4 e5 2. Nf3 d6 3. d4 a6 4. Bc4 b5 5. Bb3 Be7 6. O-O Bb7 7. Re1 Nd7 8. a4 b4
9. c3 c5 10. Bd5 Rb8 11. Qb3 Bxd5 12. Qxd5 Ngf6 13. Qb3 Nb6 14. Ng5 c4 15. Qd1
O-O 16. Be3 d5 17. dxe5 Nfd7 18. e6 fxe6 19. Nxe6 Qc8 20. Nxf8 Nxf8 21. exd5
Qf5 22. Bxb6 Rxb6 23. Rxe7 Rg6 24. g3 Qf4 25. Qd2 Qd6 26. Re8 h6 27. Qd4 Kh7
28. Qe4 Nd7 29. Nd2 Nf6 30. Qxg6+ Kxg6 31. Nxc4 Qxd5 32. Ne3 Qd7 33. Re5 bxc3
34. bxc3 Qd3 35. Rc5 Ne4 36. Rc6+ Kh7 37. c4 a5 38. Rd1 Qe2 39. Rf1 Nd2 40. Rd1
h5 41. Rd6 Ne4 42. Rf1 Nxd6 43. c5 Ne4 44. c6 h4 45. g4 h3 46. c7 Nd6 47. Nf5
Qf3 48. Ne3 Kh6 49. Rd1 Nc8 50. Rd8 Qb7 51. Rd7 Qc6 52. Rd8 Qxc7 53. Rh8+ Kg5
54. Rxh3 Qf4 55. Rh5+ Kg6 56. Rg5+ Kxg5 0-1

[Event "Tournoi Skype 028B"]
[Site "Skype"]
[Date "????.??.??"]
[Round "8.46"]
[White "Gomez Caballero, Blas"]
[Black "Ruiz Aguilera, Juan Jesus"]
[Result "1-0"]
[WhiteElo "1000"]
[BlackElo "1083"]
[PlyCount "29"]

1. e4 e5 2. Nc3 Nf6 3. Bc4 Bc5 4. Nge2 Ng4 5. O-O d6 6. d4 Qh4 7. h3 exd4 8.
Nxd4 Bxd4 9. Qxd4 Qf6 10. Qd2 Ne5 11. Bb3 c6 12. f4 Ng6 13. e5 dxe5 14. fxe5
Bf5 15. exf6 1-0

[Event "Tournoi Skype 028B"]
[Site "Skype"]
[Date "????.??.??"]
[Round "8.47"]
[White "Ramirez, Luis Antonio"]
[Black "Sosa, Juan Carlos"]
[Result "0-1"]
[WhiteElo "1075"]
[BlackElo "1000"]
[PlyCount "40"]

1. d4 d5 2. Bf4 Bf5 3. e3 e6 4. c4 Nf6 5. Nc3 Nc6 6. Nf3 Nb4 7. Qa4+ c6 8. c5
Nc2+ 9. Kd2 Nxa1 10. Be2 Nc2 11. h3 Be7 12. Ne5 O-O 13. g4 Ne4+ 14. Kxc2 Nxf2+
15. e4 Bxe4+ 16. Kd2 Nxh1 17. Qd1 Ng3 18. Bxg3 Bf6 19. g5 Bxe5 20. Bxe5 Qxg5+
0-1

[Event "Tournoi Skype 028B"]
[Site "Skype"]
[Date "????.??.??"]
[Round "8.48"]
[White "Clayton, Estelita"]
[Black "Souza, Jeferson De Oliveira"]
[Result "1-0"]
[WhiteElo "1072"]
[BlackElo "1000"]
[PlyCount "101"]

1. d4 f5 2. f4 d5 3. Nf3 Nf6 4. c3 c6 5. Bd2 e6 6. Be3 Bd6 7. Nbd2 Nbd7 8. Bf2
Bxf4 9. e3 Bd6 10. Bg3 Bxg3+ 11. hxg3 Ng4 12. Be2 Nxe3 13. Qb3 Nxg2+ 14. Kf2 f4
15. Kxg2 fxg3 16. Kxg3 O-O 17. Kf2 Rf6 18. Qd1 e5 19. Qf1 e4 20. Kg2 Rg6+ 21.
Kf2 exf3 22. Bd3 Qf6 23. Bxg6 Qxg6 24. Qh3 Nf6 25. Qg3 Ng4+ 26. Kxf3 Bd7 27.
Ke2 Re8+ 28. Kf1 Qd3+ 29. Qxd3 Rf8+ 30. Kg2 Rf2+ 31. Kg3 g6 32. Raf1 Bf5 33.
Qf3 Rxf3+ 34. Rxf3 h5 35. Kh4 Kg7 36. Kg5 a5 37. Rxf5 gxf5 38. Kxh5 Nf6+ 39.
Kg5 b5 40. Kxf5 b4 41. cxb4 axb4 42. Rg1+ Kf7 43. Rg6 c5 44. Rxf6+ Ke7 45. dxc5
d4 46. c6 d3 47. c7 Kd7 48. Rf7+ Kc8 49. Ke6 b3 50. axb3 Kb7 51. Kd7 1-0

[Event "Tournoi Skype 028B"]
[Site "Skype"]
[Date "????.??.??"]
[Round "8.49"]
[White "Dib, Catherine"]
[Black "Quiel, Aristoteles"]
[Result "0-1"]
[WhiteElo "1070"]
[BlackElo "1000"]
[PlyCount "70"]

1. c4 f5 2. d4 e6 3. Nc3 Nf6 4. Nf3 c6 5. g3 d5 6. cxd5 cxd5 7. Bg2 Bd6 8. O-O
O-O 9. Bg5 h6 10. Bd2 Nbd7 11. Rc1 e5 12. dxe5 Nxe5 13. b3 Nc6 14. e3 Be6 15.
Nb5 Bd7 16. Nxd6 Qb6 17. Qc2 Ne4 18. Nxe4 dxe4 19. Ne1 Rac8 20. Qb2 Na5 21. Rb1
Bb5 22. Bxa5 Qxa5 23. b4 Qa6 24. Nc2 Bxf1 25. Bxf1 Qc6 26. Rc1 Qc3 27. Qb1 Rc7
28. a4 Rfc8 29. Rd1 Qxc2 30. Qxc2 Rxc2 31. Kg2 Rc1 32. Rd7 R1c7 33. Rd5 g6 34.
f3 Rc2+ 35. Kg1 exf3 0-1

[Event "Tournoi Skype 028B"]
[Site "Skype"]
[Date "????.??.??"]
[Round "8.50"]
[White "Yepez, German"]
[Black "Campos Silva, Lucas"]
[Result "1-0"]
[WhiteElo "1000"]
[BlackElo "1000"]
[PlyCount "61"]

1. e4 e5 2. Nf3 d6 3. d4 exd4 4. Nxd4 c5 5. Nb3 Nc6 6. c3 Nf6 7. Qc2 Be7 8. h3
O-O 9. Be3 Ne5 10. Be2 b6 11. N1d2 Bb7 12. O-O-O a6 13. Kb1 b5 14. Nc1 Bc6 15.
b4 c4 16. a3 d5 17. f4 Ned7 18. e5 Ne4 19. Nxe4 dxe4 20. g4 Qc7 21. h4 Nb6 22.
Bxb6 Qxb6 23. Rdf1 e3 24. Bf3 Bxf3 25. Rxf3 f5 26. g5 g6 27. h5 Rad8 28. hxg6
hxg6 29. Qh2 Kf7 30. Qh7+ Ke6 31. Qxg6+ 1-0

[Event "Tournoi Skype 028B"]
[Site "Skype"]
[Date "????.??.??"]
[Round "8.51"]
[White "Luna Perez Vico, Lorenzo"]
[Black "Crocioni, Luca"]
[Result "1/2-1/2"]
[WhiteElo "1458"]
[BlackElo "1000"]
[PlyCount "45"]

1. c4 Nf6 2. Nc3 e5 3. d3 Bc5 4. e3 d6 5. Be2 Be6 6. a3 a5 7. Nf3 O-O 8. O-O
Nc6 9. h3 Nd7 10. Na4 Qf6 11. Nxc5 dxc5 12. Bd2 Qg6 13. Kh2 Rfd8 14. Qc2 Nb6
15. Rac1 a4 16. Bc3 f6 17. Bd2 Rd7 18. Rfd1 Rad8 19. Kh1 Nxc4 20. dxc4 Qxc2 21.
Rxc2 e4 22. Nh2 Ne5 23. Nf1 1/2-1/2

[Event "Tournoi Skype 028B"]
[Site "Skype"]
[Date "????.??.??"]
[Round "8.52"]
[White "Almendares, Maximo"]
[Black "Schnell, Nicolas"]
[Result "1-0"]
[WhiteElo "1000"]
[BlackElo "1099"]
[PlyCount "31"]

1. e4 e5 2. Nf3 Nc6 3. Bc4 Nf6 4. O-O Nxe4 5. Re1 Nd6 6. Bd3 Be7 7. Nc3 O-O 8.
Nd5 Bf6 9. c4 Re8 10. Qc2 e4 11. Nxf6+ Qxf6 12. c5 Nf5 13. Bxe4 Nfd4 14. Nxd4
Nxd4 15. Bxh7+ Kh8 16. Rxe8# 1-0

[Event "Tournoi Skype 028B"]
[Site "Skype"]
[Date "????.??.??"]
[Round "8.53"]
[White "Funez, Lilian"]
[Black "Codina, Teresa"]
[Result "0-1"]
[WhiteElo "1000"]
[BlackElo "1310"]
[PlyCount "122"]

1. e4 c5 2. Nf3 d6 3. Nc3 Nf6 4. d4 cxd4 5. Nxd4 a6 6. Nb3 e6 7. Bf4 Nc6 8. g3
Be7 9. Bg2 O-O 10. O-O b5 11. Re1 Bb7 12. e5 dxe5 13. Qxd8 Raxd8 14. Bxe5 Rd7
15. Bf4 Bb4 16. Bd2 Rfd8 17. a3 Bxc3 18. Bxc3 Nd5 19. Nc5 Re7 20. Bxd5 Rxd5 21.
Nd3 h5 22. Nf4 Rf5 23. Ne2 Ne5 24. Bxe5 Rxe5 25. Rad1 Bf3 26. Nc3 Bxd1 27. Rxe5
Bxc2 28. Rxh5 Bg6 29. Rg5 Rd7 30. Ne2 Rd1+ 31. Kg2 Be4+ 32. f3 Bd3 33. Nf4 Bf1+
34. Kf2 Bc4 35. Nh5 g6 36. Nf6+ Kf8 37. Nh7+ Ke7 38. Rc5 Rd2+ 39. Ke3 Rxh2 40.
Ng5 Re2+ 41. Kd4 f6 42. Rc7+ Kd6 43. Nxe6 Rxe6 44. Ra7 a5 45. Rxa5 Be2 46. Ra6+
Ke7 47. Rxe6+ Kxe6 48. Ke3 Bc4 49. f4 f5 50. Kd4 Kd6 51. Kc3 Kd5 52. b3 Be2 53.
Kb4 Ke4 54. a4 bxa4 55. bxa4 Kf3 56. a5 Kxg3 57. Kc5 Kxf4 58. Kd4 Bf3 59. a6 g5
60. a7 g4 61. Kd3 g3 0-1

[Event "Tournoi Skype 028B"]
[Site "Skype"]
[Date "????.??.??"]
[Round "8.54"]
[White "Arias, Iliak"]
[Black "Hargez, Dany"]
[Result "0-1"]
[WhiteElo "1000"]
[BlackElo "1296"]
[PlyCount "82"]

1. e4 e5 2. Nf3 d6 3. Bc4 Bg4 4. O-O Nf6 5. d3 Nc6 6. a3 Nd4 7. Be3 Bxf3 8.
gxf3 Ne6 9. Bxe6 fxe6 10. Nc3 Be7 11. Kh1 O-O 12. Rg1 Nh5 13. Qf1 Rxf3 14. Qg2
Rf7 15. Qg4 Nf4 16. Bxf4 exf4 17. Qxe6 c6 18. Rg4 Bg5 19. Rag1 Bh6 20. Ne2 Qf6
21. Qb3 b5 22. c3 f3 23. Ng3 Re8 24. Nh5 Qe5 25. Nxg7 Bxg7 26. Rxg7+ Qxg7 27.
Rxg7+ Kxg7 28. Qb4 d5 29. Qd4+ Kg8 30. h4 Rf4 31. Kh2 Rxh4+ 32. Kg3 Rh6 33.
Qxa7 Rf8 34. exd5 Rg6+ 35. Kh4 Rf4+ 36. Kh5 Rf5+ 37. Kh4 Rg1 38. Qb8+ Kg7 39.
Qc7+ Kh6 40. Qxc6+ Rg6 41. d6 Rh5# 0-1

[Event "Tournoi Skype 028B"]
[Site "Skype"]
[Date "????.??.??"]
[Round "8.55"]
[White "Maccaferri, Massimo"]
[Black "Bland, Marilyn"]
[Result "0-1"]
[WhiteElo "1074"]
[BlackElo "1000"]
[PlyCount "80"]

1. e4 d6 2. Bc4 Nf6 3. Nf3 e6 4. Ng5 Qe7 5. d4 h6 6. Nh3 a6 7. b3 Nxe4 8. Ba3
b5 9. Qf3 bxc4 10. Qxe4 Ra7 11. bxc4 Qf6 12. Nf4 Bb7 13. d5 Qxa1 14. c3 Qxa2
15. O-O Be7 16. Qe3 Ra8 17. dxe6 Qxc4 18. exf7+ Qxf7 19. Ne6 Nd7 20. Nxc7+ Kd8
21. Nxa8 Bxa8 22. Qa7 Qd5 23. f3 Qb7 24. Qd4 g5 25. Qxh8+ Nf8 26. Rd1 Qb6+ 27.
Kh1 Ke8 28. c4 Qf2 29. Bxd6 Bxd6 30. Qxh6 Bxf3 31. Rg1 Bxg2+ 32. Rxg2 Qf1+ 33.
Rg1 Qf3+ 34. Rg2 Bf4 35. Qf6 g4 36. Nc3 Be3 37. Qe5+ Kf7 38. Qc7+ Kg8 39. Nd5
Qf1+ 40. Rg1 Qxg1# 0-1

[Event "Tournoi Skype 028B"]
[Site "Skype"]
[Date "????.??.??"]
[Round "8.56"]
[White "Duenas Luna, Carlos Eduardo"]
[Black "Tolaro, Filippa"]
[Result "0-1"]
[WhiteElo "1000"]
[BlackElo "1065"]
[PlyCount "66"]

1. e4 c6 2. Bc4 Nf6 3. d3 d5 4. exd5 cxd5 5. Bb3 e5 6. Bg5 Bf5 7. d4 e4 8. f3
h6 9. Bxf6 Qxf6 10. Bxd5 exf3 11. Bxf3 Nc6 12. Bxc6+ bxc6 13. a3 Bd6 14. Nc3
O-O 15. Nge2 Qe6 16. d5 cxd5 17. Nxd5 Be4 18. c4 Bxg2 19. Rg1 Bf3 20. Ndc3 Bxh2
21. Rxg7+ Kxg7 22. Qd3 Kh8 23. Qxf3 Rg8 24. Ne4 Rg4 25. Nf6 Rg1+ 26. Kd2 Rd8+
27. Kc2 Qxc4+ 28. Qc3 Qxe2+ 29. Kb3 Rb8+ 30. Ka2 Rxb2+ 31. Qxb2 Qe6+ 32. Qb3
Qxb3+ 33. Kxb3 Rxa1 0-1

[Event "Tournoi Skype 028B"]
[Site "Skype"]
[Date "????.??.??"]
[Round "8.57"]
[White "Martins, Rodrigo Baldo"]
[Black "Schuh, David"]
[Result "0-1"]
[WhiteElo "1000"]
[BlackElo "1057"]
[PlyCount "94"]

1. e4 e5 2. Nf3 Nc6 3. Bb5 Nf6 4. Nc3 Bc5 5. O-O Ng4 6. d4 exd4 7. Qd3 dxc3 8.
Qxc3 d6 9. Nd4 Bxd4 10. Qxd4 Bd7 11. Qd3 O-O 12. h3 Nge5 13. Qd5 Qe7 14. Be2
Rfe8 15. Bf4 Qe6 16. Qd2 a5 17. Bg5 Nb4 18. c3 Nxa2 19. b4 axb4 20. cxb4 Ra3
21. Rfc1 Nxc1 22. Qxc1 Rxh3 23. g4 h6 24. Bxh6 Rxh6 25. f4 Nxg4 26. Bxg4 Qxg4+
27. Kf2 Rh2+ 28. Ke3 Re2+ 29. Kd4 R8xe4+ 30. Kc3 Rxf4 31. Ra8+ Kh7 32. Qh1+ Kg6
33. Qb1+ Kg5 34. Ra5+ Rf5 35. Qc1+ Qf4 36. Qg1+ Qg4 37. Qc1+ Kh4 38. Qh1+ Kg3
39. Kb3 Qf3+ 40. Qxf3+ Kxf3 41. Rxf5+ Bxf5 42. Kc4 Bd7 43. b5 b6 44. Kb4 Rc2
45. Ka4 c6 46. bxc6 Bxc6+ 47. Kb3 Rc5 0-1

[Event "Tournoi Skype 028B"]
[Site "Skype"]
[Date "????.??.??"]
[Round "8.58"]
[White "Gagnon, Sindy"]
[Black "Mira Poveda, Jose Antonio"]
[Result "0-1"]
[WhiteElo "1043"]
[BlackElo "1000"]
[PlyCount "78"]

1. e4 e5 2. d3 Nf6 3. Be3 d5 4. Nc3 d4 5. Nb5 dxe3 6. fxe3 Bg4 7. Be2 a6 8. Nc3
Qd7 9. d4 exd4 10. exd4 Nc6 11. d5 Nb4 12. Nf3 Bc5 13. e5 Nfxd5 14. Bc4 O-O-O
15. a3 Ne3 16. Qd2 Qxd2+ 17. Nxd2 Nbxc2+ 18. Kf2 Nxc4+ 19. Kg3 Nxa1 20. Rxa1
Ne3 21. Rc1 Rxd2 22. Na4 Rxg2+ 23. Kf4 Nd5+ 24. Ke4 Nf6+ 25. exf6 Re8+ 26. Kd5
Be3 27. Rc3 Rd2+ 28. Kc4 Be2+ 29. Kb4 Re4+ 30. Kb3 Bd1+ 31. Ka2 Rxa4 32. Ka1
gxf6 33. b3 Rxa3+ 34. Kb1 Rxb3+ 35. Kc1 Rxc3+ 36. Kb1 Rdc2 37. Ka1 Rf2 38. Kb1
Ba4 39. Ka1 Rc1# 0-1

[Event "Tournoi Skype 028B"]
[Site "Skype"]
[Date "????.??.??"]
[Round "8.59"]
[White "Trapletti, Cosetta"]
[Black "Vasquez Donaire, Ivis Godofredo"]
[Result "0-1"]
[WhiteElo "1026"]
[BlackElo "1000"]
[PlyCount "144"]

1. d4 d5 2. Nf3 Nf6 3. Bf4 Nc6 4. e3 e6 5. Bd3 Bb4+ 6. c3 Ba5 7. b4 Bb6 8. Nbd2
O-O 9. O-O Re8 10. Bb5 a6 11. Ba4 Ba7 12. c4 b5 13. cxb5 Nxb4 14. Nb3 Bd7 15.
Nc5 Bxc5 16. dxc5 c6 17. b6 Ne4 18. Qb1 a5 19. Qb2 Nxc5 20. Bc7 Qxc7 21. bxc7
Nxa4 22. Qa3 c5 23. Ne5 Nc2 24. Qb3 Nxa1 25. Rxa1 c4 26. Qc2 Nc5 27. Nxd7 Nxd7
28. Qa4 Ne5 29. f3 Rac8 30. Qxa5 Re7 31. Rb1 h5 32. h4 g5 33. Qa6 Ree8 34. Qa7
gxh4 35. Kh2 h3 36. Kxh3 c3 37. Rc1 Nd3 38. Rxc3 Nf2+ 39. Kh4 e5 40. Kxh5 e4
41. Kh6 Re6+ 42. Kg5 Re5+ 43. Kh6 Re6+ 44. Kh5 Kh7 45. Rb3 Rh6+ 46. Kg5 f6+ 47.
Kf5 exf3 48. Rb8 fxg2 49. Ke6 Re8+ 50. Rxe8 g1=Q 51. Re7+ Kg6 52. c8=Q Qg4+ 53.
Kxd5 Rh5+ 54. Kd6 Qxc8 55. Rg7+ Kf5 56. Qa5+ Ke4 57. Qd5+ Rxd5+ 58. Ke7 Qd7+
59. Kf8 Qd8+ 60. Kf7 Rd7+ 61. Kg6 Qe8+ 62. Kxf6 Qe5+ 63. Kg6 Qxg7+ 64. Kh5 Qg4+
65. Kh6 Rd6+ 66. Kh7 Qg6+ 67. Kh8 Ng4 68. a4 Qh6+ 69. Kg8 Nf6+ 70. Kf7 Rd7+ 71.
Ke6 Qg7 72. a5 Qe7# 0-1

[Event "Tournoi Skype 028B"]
[Site "Skype"]
[Date "????.??.??"]
[Round "8.60"]
[White "Rodriguez Tovar, Liliana"]
[Black "Cifuentes, Jorge Mario"]
[Result "1-0"]
[WhiteElo "1000"]
[BlackElo "1000"]
[PlyCount "65"]

1. e4 e5 2. Nf3 Nc6 3. Bc4 h6 4. d3 Nf6 5. Nbd2 d6 6. h3 Be7 7. Nf1 g5 8. Be3
g4 9. N3h2 gxh3 10. Qf3 Rg8 11. gxh3 Qd7 12. O-O-O Nb4 13. a3 Qa4 14. Bb3 Qa5
15. axb4 Qa1+ 16. Kd2 Qxb2 17. Bxh6 d5 18. exd5 Bxb4+ 19. Ke2 b5 20. Qxf6 Be7
21. Qc6+ Kd8 22. Ne3 Rb8 23. f4 Rb6 24. Qa8 Rxh6 25. Nhg4 Rhg6 26. fxe5 f5 27.
exf6 Bxf6 28. Nxf6 Qxf6 29. Rdf1 Qe6 30. dxe6 Rxe6 31. Bxe6 Rg6 32. Qxc8+ Ke7
33. Qd7# 1-0

[Event "Tournoi Skype 028B"]
[Site "Skype"]
[Date "????.??.??"]
[Round "8.61"]
[White "Guevara, Lizbeth"]
[Black "Fuentes, Francisco"]
[Result "1-0"]
[WhiteElo "1000"]
[BlackElo "1000"]
[PlyCount "51"]

1. e4 e5 2. Nf3 Nf6 3. Bc4 Bc5 4. O-O d6 5. Ng5 h6 6. Nxf7 Rf8 7. Nxd8 Kxd8 8.
d3 Bg4 9. Qd2 Nc6 10. a3 Nd4 11. Kh1 d5 12. Ba2 c6 13. exd5 cxd5 14. Nc3 e4 15.
dxe4 Bd6 16. Nxd5 Ne2 17. Qa5+ Kd7 18. Bd2 Be5 19. Qb5+ Ke6 20. Nc7+ Kd6 21.
Nxa8 Rxa8 22. Bb4+ Kc7 23. Qxe5+ Kc6 24. Qd6+ Kb5 25. Qc5+ Ka4 26. Bb3# 1-0

[Event "Tournoi Skype 028B"]
[Site "Skype"]
[Date "????.??.??"]
[Round "8.62"]
[White "Marty, Yvette"]
[Black "Rodriguez, Gisselle"]
[Result "0-1"]
[WhiteElo "1000"]
[BlackElo "1000"]
[PlyCount "36"]

1. e4 e5 2. Nc3 Nc6 3. f3 Bc5 4. d3 Nge7 5. Na4 d6 6. Ne2 Be6 7. Ng3 O-O 8. d4
Bb4+ 9. Nc3 Ng6 10. Bd3 Qf6 11. O-O Rae8 12. dxe5 Ngxe5 13. Nh5 Qh4 14. f4 g6
15. fxe5 gxh5 16. exd6 Bc5+ 17. Rf2 cxd6 18. Bh6 Bxf2+ 0-1

[Event "Tournoi Skype 028B"]
[Site "Skype"]
[Date "????.??.??"]
[Round "9.1"]
[White "Bendre, Pankaj"]
[Black "Santos, Cleidilan"]
[Result "0-1"]
[WhiteElo "1182"]
[BlackElo "1000"]
[PlyCount "58"]

1. e4 e5 2. Nf3 d6 3. d4 exd4 4. Nxd4 Nf6 5. Nc3 Be7 6. f3 c5 7. Nb3 Be6 8.
Bb5+ Nbd7 9. Bg5 a6 10. Be2 h6 11. Bxf6 Nxf6 12. Nd5 O-O 13. c4 Re8 14. Nf4 Bd7
15. O-O Qc7 16. Qd2 Qb6 17. a4 Qxb3 18. a5 b5 19. Ra3 Qb4 20. Qc1 bxc4 21. Bxc4
Qb8 22. Qa1 Bc6 23. Qa2 Rf8 24. Rd1 Qa7 25. Nd3 d5 26. exd5 Bxd5 27. Bxd5 Nxd5
28. Re1 c4+ 29. Nf2 Bxa3 0-1

[Event "Tournoi Skype 028B"]
[Site "Skype"]
[Date "????.??.??"]
[Round "9.2"]
[White "Cabrera Sosa, Marco Vinicio"]
[Black "Thavorath, Nirandas"]
[Result "0-1"]
[WhiteElo "1364"]
[BlackElo "1226"]
[PlyCount "54"]

1. e4 e5 2. Nf3 Nc6 3. Bc4 Bc5 4. c3 Nf6 5. d3 d5 6. exd5 Nxd5 7. b4 Be7 8. b5
Na5 9. Nxe5 Bf6 10. O-O O-O 11. d4 Bxe5 12. Bxd5 Bxh2+ 13. Kxh2 Qxd5 14. Qd3
Bf5 15. Qg3 Qxb5 16. Nd2 Rfe8 17. Ba3 Nc4 18. Nxc4 Qxc4 19. Rfe1 Rxe1 20. Rxe1
Qxa2 21. Bc1 a5 22. f3 a4 23. Qxc7 a3 24. Qe7 h5 25. Qxb7 Rc8 26. Qb4 Qf2 27.
Rg1 Qh4# 0-1

[Event "Tournoi Skype 028B"]
[Site "Skype"]
[Date "????.??.??"]
[Round "9.3"]
[White "Alarcon Alarcon, Florentina"]
[Black "Frances, Carlos Alberto"]
[Result "1/2-1/2"]
[WhiteElo "1363"]
[BlackElo "1324"]
[PlyCount "36"]

1. e4 c5 2. Nf3 e6 3. d4 cxd4 4. Nxd4 a6 5. h3 Qc7 6. c3 b5 7. Bd3 Bb7 8. Be3
Nf6 9. Nd2 Nc6 10. Nxc6 Bxc6 11. O-O e5 12. a3 Be7 13. Rc1 O-O 14. f3 d5 15.
exd5 Nxd5 16. Bf2 Nf4 17. Bc2 Rad8 18. Be3 Nd3 1/2-1/2

[Event "Tournoi Skype 028B"]
[Site "Skype"]
[Date "????.??.??"]
[Round "9.4"]
[White "Mhabdi, Mahesh"]
[Black "Morales Rubiella, Albert"]
[Result "1-0"]
[WhiteElo "1312"]
[BlackElo "1419"]
[PlyCount "115"]

1. e4 e5 2. Nf3 Nc6 3. Bb5 Nf6 4. Nc3 d6 5. Bxc6+ bxc6 6. O-O Ba6 7. d3 Be7 8.
h3 Rb8 9. a3 Qc8 10. b4 h6 11. Be3 Rb7 12. Rb1 Qe6 13. Ne2 d5 14. exd5 cxd5 15.
c3 O-O 16. a4 c6 17. d4 e4 18. Ne5 Rc8 19. Nf4 Qd6 20. Re1 g5 21. Nh5 Bf8 22.
Nxf6+ Qxf6 23. h4 Bd6 24. g3 Bxe5 25. dxe5 Qxe5 26. Bd4 Qd6 27. Rb2 c5 28. bxc5
Qg6 29. Rxb7 Bxb7 30. h5 Qf5 31. g4 Qf4 32. Be3 Qe5 33. Bd4 Qf4 34. Qb3 Bc6 35.
c4 dxc4 36. Qxc4 Qxg4+ 37. Kf1 Qxh5 38. Bc3 Qf3 39. Qd4 Qd3+ 40. Re2 Qxd4 41.
Bxd4 Bxa4 42. Ra2 Bb5+ 43. Kg2 a6 44. Kg3 Kf8 45. Kg4 Kg8 46. Kf5 Bd3 47. Ke5
Kf8 48. Kd6 Ke8 49. Bf6 g4 50. c6 g3 51. fxg3 Bb5 52. c7 e3 53. Ra1 e2 54. Bc3
Kf8 55. Rh1 Re8 56. Rxh6 f5 57. Rh8+ Kf7 58. Rxe8 1-0